Sobaky

Bibliographic Details
Main Author: Clutton-Brock, Juliet, 1933-2015 (Author)
Format: Book
Language:Ukrainian
PhysicalDescription:63 s. 29 cm
Published: L'viv Art-Media 1997
ISBN:9667261042
Series:dyvljus', dyvujus', diznajus'
Subjects:

MARC

LEADER 00000nam a2200000 a 4500
001 vtls001332231
003 SK-MaSNL
005 20260301235725.0
008 251113s1997 UA a ukr
020 |a 9667261042  |c b.c. 
035 |a SNK000285127 
035 |a urn:nbn:sk:snk-amtjo7 
035 |a urn:nbn:sk:snk-am00c5ob 
035 |a BB8F8802-C8A0-4C54-8068-D730BD4CAAD5 
040 |a SNK  |b slo  |c SNK  |e AACR2 
041 0 |a ukr 
044 |a UA 
080 |a 636.7.08(084.12)  |2 1981 
100 1 |a Clutton-Brock, Juliet,  |d 1933-2015  |4 aut  |9 87396 
245 1 0 |a Sobaky  |c avtor Džul'etta Klatton-Brok ; [pereklad s anhlijs'koji Ol'hy Hrabovec'koji] 
260 |a L'viv  |b Art-Media  |c 1997  |e [Martin  |f Neografia] 
300 |a 63 s.  |c 29 cm 
490 1 |a Dyvljus', dyvujus', diznajus'  |v 2 
650 0 7 |a plemená psov  |2 SNKPH  |9 73412 
830 0 |a dyvljus', dyvujus', diznajus'  |9 633268 
919 |a 966-7261-04-2 
999 |c 976348  |d 978278 
952 |t P60, <03>, [BOOK], {603}  |a SNK  |b SNK  |y PREZ  |7 0  |p 17A0141925  |o snkSB 58969  |i snkKSP 5496/98  |0 0  |1 0  |4 0  |d 1998-05-27  |f 1  |l 0  |r 2017-06-30 00:00:00  |w 2026-02-24